Normal view
MARC view
- اللغة العربية-اللغة-مستويات اللغة وأدائها الوظيفي وقضاياها
Entry Topical Term
001 - CONTROL NUMBER
- control field: 10815
003 - CONTROL NUMBER IDENTIFIER
- control field: JO-AjAnu
005 - DATE AND TIME OF LATEST TRANSACTION
- control field: 20230606072033.0
008 - FIXED-LENGTH DATA ELEMENTS
- fixed length control field: 230606|| aca||aabn | a|a d
040 ## - CATALOGING SOURCE
- Original cataloging agency: JO-AjAnu
- Transcribing agency: JO-AjAnu
150 ## - HEADING--TOPICAL TERM
- Topical term or geographic name entry element: اللغة العربية-اللغة-مستويات اللغة وأدائها الوظيفي وقضاياها
670 ## - SOURCE DATA FOUND
- Source citation: Work cat.: (JO-AjAnu)5569: تاليف بركات،سلمى, author 10814, اللغة العربية مستوياتها وأدائها الوظيفي وقضاياها